Click Australia States By Their Capitals - Statistics

General Stats
  • This quiz has been taken 39 times
    38 since last reset
  • The average score is 7 of 8
Answers on the Map
Answers color-coded by a green-red scale on the quiz's map according to % correct below.
 
Answer Stats
Answer % Correct
Sydney
96%
Brisbane
93%
Darwin
93%
Perth
93%
Adelaide
85%
Hobart
85%
Melbourne
85%
Canberra
74%
No matching quizzes found
Score Distribution
Percent of People with Each Score
Percentile by Number Answered
Your Score History
You have not taken this quiz since the last reset